00520nam a2200145Ia 4500008004100000041000800041082001600049100001800065245006800083260002800151300001900179520002900198999001700227952013000244240719s9999 xx 000 0 und d aeng a658.100 SHA aShankar, Ravi aManagement Mantras Keys To EffectiveManagement And Leadership  aDelhibJaico Bookc2013 a212.; P. 22 Cm aGifted By : IMT Faculty  c41424d41424 00104070aIMTNbIMTNcRack 20-Bd2023-05-08g199.00l1o658.100 SHAp33119r2025-01-30 00:00:00s2025-01-20w2024-07-19yBK